[Event "ODJM C 2019"]
[Site "Willingen GER"]
[Date "2019.06.15"]
[Round "9"]
[White "Malinowsky, Celina"]
[Black "Hapke, Marvin"]
[Result "1/2-1/2"]
[Termination "normal"]
[Board "6"]
[WhiteElo "1109"]
[BlackElo "1187"]
[WhiteClock "00:33:18"]
[BlackClock "00:49:57"]
[PlyCount "51"]
[WhiteFideId "16266986"]
[BlackFideId "12996580"]
[EventCountry "GER"]
[EventRounds "9"]
[EventType "swiss"]
[EventDate "2019.06.08"]

1. e4 {[%clk 1:30:49]} 1... e5 {[%clk 1:30:51]} 2. Nf3 {[%clk 1:30:34]} 2...
Nc6 {[%clk 1:31:15]} 3. Bc4 {[%clk 1:30:01]} 3... Bc5 {[%clk 1:31:16]} 4. Nc3 {
[%clk 1:29:11]} 4... Nf6 {[%clk 1:31:26]} 5. d3 {[%clk 1:28:25]} 5... a6 {
[%clk 1:31:48]} 6. Be3 {[%clk 1:26:18]} 6... Ba7 {[%clk 1:31:52]} 7. Qd2 {
[%clk 1:21:16]} 7... d6 {[%clk 1:31:23]} 8. O-O {[%clk 1:20:04]} 8... Bg4 {
[%clk 1:31:10]} 9. Nh4 {[%clk 1:17:45]} 9... Qe7 {[%clk 1:26:08]} 10. Bxa7 {
[%clk 1:13:45]} 10... Nxa7 {[%clk 1:25:09]} 11. Qg5 {[%clk 1:10:46]} 11...
O-O-O {[%clk 1:10:31]} 12. Qe3 {[%clk 1:10:26]} 12... Nc6 {[%clk 1:10:10]} 13.
f4 {[%clk 1:03:58]} 13... Nd4 {[%clk 1:08:36]} 14. Rac1 {[%clk 0:59:41]} 14...
Rdg8 {[%clk 1:05:02]} 15. fxe5 {[%clk 0:58:27]} 15... dxe5 {[%clk 1:03:55]} 16.
h3 {[%clk 0:54:11]} 16... Bd7 {[%clk 1:02:29]} 17. Nf3 {[%clk 0:51:47]} 17...
Nxf3+ {[%clk 1:01:34]} 18. Rxf3 {[%clk 0:51:50]} 18... g5 {[%clk 1:01:07]} 19.
Nd5 {[%clk 0:50:24]} 19... Nxd5 {[%clk 0:59:34]} 20. Bxd5 {[%clk 0:50:32]}
20... g4 {[%clk 0:57:54]} 21. Rxf7 {[%clk 0:49:56]} 21... Qh4 {[%clk 0:57:12]}
22. Qa7 {[%clk 0:43:45]} 22... Kd8 {[%clk 0:52:06]} 23. Rxd7+ {[%clk 0:39:26]}
23... Kxd7 {[%clk 0:51:29]} 24. Bxg8 {[%clk 0:39:35]} 24... Rxg8 { [%clk
0:51:13]} 25. Qf2 {[%clk 0:39:20]} 25... Qg5 {[%clk 0:49:57]} 26. Qf5+ { [%clk
0:33:18]} 1/2-1/2

[Event "ODJM C 2019"]
[Site "Willingen GER"]
[Date "2019.06.15"]
[Round "9"]
[White "Zinnikus, Elias"]
[Black "Zhang, Yibo"]
[Result "1-0"]
[Termination "normal"]
[Board "7"]
[WhiteElo "1176"]
[BlackElo "1302"]
[PlyCount "193"]
[WhiteFideId "16245024"]
[BlackFideId "16287657"]
[EventCountry "GER"]
[EventRounds "9"]
[EventType "swiss"]
[EventDate "2019.06.08"]

1. Nf3 d5 2. d4 c5 3. c4 Nc6 4. cxd5 Qxd5 5. Nc3 Qd8 6. d5 Nb8 7. e4 e6 8. Bg5
f6 9. Bh4 Ne7 10. d6 Ng6 11. Bg3 e5 12. Nb5 Na6 13. Nh4 Nxh4 14. Bxh4 Be6 15.
Be2 Qa5+ 16. Nc3 O-O-O 17. O-O Rxd6 18. Qa4 Qxa4 19. Nxa4 h5 20. f3 Rd2 21. Bb5
Nc7 22. Be1 Rd4 23. Nc3 Rb4 24. Be2 Rxb2 25. Bf2 Kb8 26. Rfe1 b6 27. a4 Be7 28.
Reb1 Rc2 29. Be1 Rxe2 30. Nxe2 Bc4 31. Nc3 Ne6 32. a5 Nd4 33. axb6 axb6 34.
Rxb6+ Kc7 35. Rb2 Nb3 36. Ra7+ Kd6 37. Nb5+ Ke6 38. Ra6+ Kf7 39. Ra7 Rd8 40.
Nc3 Ke8 41. Kf2 Nc1 42. Kg3 Nd3 43. Rb1 Nf4 44. Rbb7 Bf8 45. Kf2 Nd3+ 46. Kf1
Nb4+ 47. Kg1 Ba6 48. Rc7 Bc4 49. g3 Na6 50. Rcb7 Bd3 51. f4 c4 52. Rxa6 Be7 53.
Re6 Rd7 54. Rxd7 Kxd7 55. f5 Kd8 56. h3 Bb4 57. Kf2 Bc5+ 58. Kg2 Bb4 59. g4 Kd7
60. Kf3 hxg4+ 61. hxg4 Kd8 62. Rb6 Bc5 63. Rb5 Bd4 64. Rb7 Ke8 65. Rxg7 Kf8 66.
Rg6 Kf7 67. g5 fxg5 68. Rxg5 Kf6 69. Rg6+ Kf7 70. Rg4 Kf6 71. Kg3 Ke7 72. Kh4
Kf6 73. Kh5 Be3 74. Nd5+ Kf7 75. Nxe3 Be2 76. Nxc4 Bxc4 77. Kg5 Ke7 78. Kg6 Kd6
79. Bb4+ Kc6 80. f6 Kb5 81. Bc3 Ka4 82. Bxe5 Kb5 83. Bd6 Kc6 84. e5 Kd7 85.
Rxc4 Ke8 86. f7+ Kd7 87. Rc7+ Ke6 88. f8=Q Kd5 89. Rc5+ Ke4 90. Rc4+ Kd3 91.
Qf4 Ke2 92. Rc2+ Kd3 93. Qc4+ Ke3 94. Re2+ Kf3 95. Qe4+ Kg3 96. e6+ Kh3 97.
Rh2# 1-0

[Event "ODJM C 2019"]
[Site "Willingen GER"]
[Date "2019.06.15"]
[Round "9"]
[White "Rudolph, Alexander"]
[Black "Vöcking, Laura"]
[Result "0-1"]
[Termination "normal"]
[Board "8"]
[WhiteElo "1414"]
[BlackElo "1172"]
[PlyCount "98"]
[WhiteFideId "16275748"]
[BlackFideId "16287630"]
[EventCountry "GER"]
[EventRounds "9"]
[EventType "swiss"]
[EventDate "2019.06.08"]

1. e4 e6 2. d4 d5 3. Bd3 dxe4 4. Bxe4 Nf6 5. Bf3 Nc6 6. Ne2 Be7 7. O-O O-O 8.
c4 Re8 9. Be3 Bd7 10. a3 Na5 11. Nd2 Bc6 12. Nc3 Bxf3 13. Qxf3 Nc6 14. Nb3 a6
15. Rad1 Qd7 16. d5 exd5 17. Nxd5 Nxd5 18. cxd5 Ne5 19. Qg3 Bd6 20. Bf4 Nc4 21.
Bxd6 Qxd6 22. Qc3 Nb6 23. Qc5 Qxc5 24. Nxc5 Red8 25. d6 Rxd6 26. Rxd6 cxd6 27.
Nxb7 d5 28. Re1 h6 29. Nd6 Rd8 30. Nf5 Nc4 31. Ne7+ Kh7 32. Nc6 Rd6 33. Nb4 a5
34. Nd3 a4 35. f3 Re6 36. Rxe6 fxe6 37. Kf2 Kg6 38. f4 Kf5 39. h3 g5 40. fxg5
hxg5 41. g3 e5 42. g4+ Kf6 43. Ke2 e4 44. Nb4 Ke6 45. Nc6 Nxb2 46. Nd4+ Ke5 47.
Nc6+ Kf4 48. Nb4 d4 49. Nc2 d3+ 0-1

[Event "ODJM C 2019"]
[Site "Willingen GER"]
[Date "2019.06.15"]
[Round "9"]
[White "Racky, Selina"]
[Black "Mylke, Sandy-Michelle"]
[Result "1-0"]
[Termination "normal"]
[Board "9"]
[WhiteElo "1037"]
[BlackElo "1238"]
[PlyCount "111"]
[WhiteFideId "16239440"]
[BlackFideId "16235045"]
[EventCountry "GER"]
[EventRounds "9"]
[EventType "swiss"]
[EventDate "2019.06.08"]

1. d4 Nf6 2. Bf4 g6 3. e3 Bg7 4. Bd3 d6 5. Nf3 O-O 6. Nbd2 Nfd7 7. c3 e5 8. Bg3
f5 9. Bc4+ Kh8 10. Bh4 Qe8 11. Ng5 e4 12. Ne6 Nb6 13. Nxc7 Qd7 14. Nxa8 Nxa8
15. O-O Nb6 16. Qe2 Nc6 17. Bb3 Na5 18. f3 d5 19. fxe4 dxe4 20. a4 Qc7 21. Qb5
Nc6 22. Qe2 Nd7 23. Ba2 Nf6 24. h3 h6 25. Bxf6 Bxf6 26. Qf2 g5 27. Qe2 Bd7 28.
Qc4 Qg3 29. Rf2 g4 30. hxg4 Bg5 31. Nf1 Qxg4 32. Qe2 Qxe2 33. Rxe2 f4 34. exf4
Bg4 35. Rxe4 Bxf4 36. g3 Bf3 37. Rxf4 Rxf4 38. gxf4 Kg7 39. Nd2 Bg4 40. Re1 Kf6
41. Ne4+ Kf5 42. Nc5 Kxf4 43. d5 Nd8 44. d6 h5 45. d7 b6 46. Nd3+ Kg3 47. Bd5
Bxd7 48. Re3+ Kg4 49. Bf3+ Kg5 50. Re5+ Kf6 51. Rxh5 Bxa4 52. Be4 Nf7 53. Kf2
a5 54. Kg3 Bb3 55. Rb5 Ke7 56. Rxb3 1-0

[Event "ODJM C 2019"]
[Site "Willingen GER"]
[Date "2019.06.15"]
[Round "9"]
[White "Engels, Marlene"]
[Black "Grimm, Nicola Marie"]
[Result "1/2-1/2"]
[Termination "normal"]
[Board "10"]
[WhiteElo "1263"]
[BlackElo "1459"]
[PlyCount "42"]
[WhiteFideId "16222962"]
[BlackFideId "12988987"]
[EventCountry "GER"]
[EventRounds "9"]
[EventType "swiss"]
[EventDate "2019.06.08"]

1. e4 d5 2. exd5 Qxd5 3. Nc3 Qa5 4. d4 Bf5 5. Bf4 e6 6. a3 c6 7. Nf3 Nf6 8. Bc4
Ne4 9. Bd2 Qc7 10. Nxe4 Bxe4 11. Bg5 Qa5+ 12. Bd2 Qb6 13. Bc3 Nd7 14. O-O Bd6
15. Ng5 Bg6 16. Bd3 Qc7 17. g3 Nf6 18. Qf3 Bxd3 19. cxd3 Qd8 20. Rfe1 O-O 21.
Re2 h6 1/2-1/2

[Event "ODJM C 2019"]
[Site "Willingen GER"]
[Date "2019.06.15"]
[Round "9"]
[White "Gerdes, Jesko"]
[Black "Wechtenbruch, Jamie"]
[Result "1/2-1/2"]
[Termination "normal"]
[Board "11"]
[WhiteElo "1106"]
[BlackElo "1371"]
[PlyCount "41"]
[WhiteFideId "16273699"]
[BlackFideId "16267737"]
[EventCountry "GER"]
[EventRounds "9"]
[EventType "swiss"]
[EventDate "2019.06.08"]

1. Nf3 Nf6 2. g3 d5 3. Bg2 Bf5 4. c3 e6 5. d4 Nc6 6. Bf4 Bd6 7. Bxd6 cxd6 8.
Nbd2 h6 9. Nh4 Bh7 10. O-O Qb6 11. Nb3 g5 12. Nf3 Be4 13. Qd2 Rg8 14. Rfe1 Qd8
15. Rac1 Ne7 16. Red1 Bxf3 17. exf3 h5 18. f4 gxf4 19. Qxf4 Ng6 20. Qd2 h4 21.
Re1 1/2-1/2

[Event "ODJM C 2019"]
[Site "Willingen GER"]
[Date "2019.06.15"]
[Round "9"]
[White "Tenbosch, Till Theo"]
[Black "Vollmer, Jan"]
[Result "1-0"]
[Termination "normal"]
[Board "12"]
[WhiteElo "1085"]
[BlackElo "1269"]
[PlyCount "45"]
[WhiteFideId "16255461"]
[BlackFideId "16287649"]
[EventCountry "GER"]
[EventRounds "9"]
[EventType "swiss"]
[EventDate "2019.06.08"]

1. d4 d5 2. Bf4 Nf6 3. e3 e6 4. Nd2 h6 5. Bd3 Be7 6. Ngf3 O-O 7. Ne5 Nbd7 8.
Qf3 Bd6 9. g4 Ne4 10. Nxe4 dxe4 11. Bxe4 g5 12. Bg3 Nf6 13. h4 Nxe4 14. Qxe4
Qf6 15. hxg5 Qxg5 16. Bf4 Qf6 17. Rxh6 Qg7 18. Rh5 f5 19. Qh1 Bxe5 20. dxe5
Qxg4 21. Rg5+ Qxg5 22. Bxg5 Kf7 23. Qh7+ 1-0

[Event "ODJM C 2019"]
[Site "Willingen GER"]
[Date "2019.06.15"]
[Round "9"]
[White "Burger, Daiana"]
[Black "Reger, Christoph"]
[Result "1-0"]
[Termination "normal"]
[Board "13"]
[WhiteElo "1366"]
[BlackElo "1169"]
[PlyCount "68"]
[WhiteFideId "16217233"]
[BlackFideId "16287606"]
[EventCountry "GER"]
[EventRounds "9"]
[EventType "swiss"]
[EventDate "2019.06.08"]

1. e4 e5 2. Nf3 Nc6 3. Bc4 Bc5 4. Nc3 d6 5. h3 f5 6. exf5 Bxf5 7. d3 h6 8. Be3
Bb6 9. Nd2 Nf6 10. Qf3 Qd7 11. g4 Be6 12. Bxe6 Qxe6 13. Nb3 Rf8 14. g5 Bxe3 15.
gxf6 Rxf6 16. Qxe3 O-O-O 17. O-O-O Rdf8 18. d4 Nxd4 19. Nxd4 exd4 20. Qxd4 b6
21. Rde1 Qf7 22. Ne4 Rf4 23. Qc3 Kd7 24. Rhg1 g5 25. Qa3 Qd5 26. Qa4+ b5 27.
Qb4 a5 28. Qxa5 Rxe4 29. Rxe4 Qxe4 30. Qxb5+ Kd8 31. Qb8+ Ke7 32. Qxc7+ Ke8 33.
Qxd6 Rxf2 34. Qb8+ Ke7 1-0

[Event "ODJM C 2019"]
[Site "Willingen GER"]
[Date "2019.06.15"]
[Round "9"]
[White "Buchholz, Jan Robert"]
[Black "Margaryan, Harut"]
[Result "1/2-1/2"]
[Termination "normal"]
[Board "14"]
[WhiteElo "1229"]
[BlackElo "1089"]
[PlyCount "121"]
[WhiteFideId "16286537"]
[BlackFideId "16268202"]
[EventCountry "GER"]
[EventRounds "9"]
[EventType "swiss"]
[EventDate "2019.06.08"]

1. d4 d5 2. c4 c6 3. Nc3 e6 4. Nf3 f5 5. Bf4 Nf6 6. h3 Be7 7. e3 Nbd7 8. Be2
O-O 9. Ng5 Nb8 10. O-O h6 11. Nf3 Ne4 12. Rc1 Nd7 13. Ne5 Nxe5 14. Bxe5 Bf6 15.
Bh2 Bd7 16. Qc2 Qe8 17. cxd5 cxd5 18. Nxe4 fxe4 19. Qc7 b6 20. Qb7 Bb5 21. Bxb5
Qxb5 22. Qc6 Qxc6 23. Rxc6 Rfe8 24. Rfc1 b5 25. Ra6 Rac8 26. Rcc6 Rxc6 27. Rxc6
Kf7 28. Kf1 e5 29. dxe5 Bxe5 30. Bxe5 Rxe5 31. Rc7+ Re7 32. Rc5 Ke6 33. Rxb5
Rc7 34. g4 g5 35. Kg2 Rc2 36. Rb7 a5 37. Ra7 Rxb2 38. Rxa5 Rb6 39. Ra3 Ke5 40.
Kg3 Rf6 41. Rb3 Ra6 42. a3 d4 43. exd4+ Kxd4 44. Re3 Ra4 45. h4 Ke5 46. hxg5
hxg5 47. f3 Kd5 48. fxe4+ Ke5 49. Kf3 Rd4 50. Re2 Rd3+ 51. Re3 Rd4 52. Ke2 Ra4
53. Kf2 Rd4 54. Re2 Ra4 55. Re3 Rd4 56. Rb3 Kf4 57. Rb4 Rd2+ 58. Ke1 Ra2 59.
Rb3 Kxg4 60. Re3 Kf4 61. Re2 1/2-1/2

[Event "ODJM C 2019"]
[Site "Willingen GER"]
[Date "2019.06.15"]
[Round "9"]
[White "Reyher, Bastian"]
[Black "Burdett, Sabah"]
[Result "1-0"]
[Termination "normal"]
[Board "15"]
[WhiteElo "1137"]
[BlackElo "1033"]
[PlyCount "93"]
[WhiteFideId "12927465"]
[BlackFideId "16267702"]
[EventCountry "GER"]
[EventRounds "9"]
[EventType "swiss"]
[EventDate "2019.06.08"]

1. e4 e5 2. Bc4 Nf6 3. d3 h6 4. Nc3 Bc5 5. h3 Nc6 6. Nge2 a6 7. Be3 Bxe3 8.
fxe3 d6 9. O-O Qe7 10. Ng3 Be6 11. Bb3 O-O-O 12. Nf5 Qd7 13. Nxg7 Bxb3 14. axb3
Rhg8 15. Rxf6 Rxg7 16. Rxh6 Rdg8 17. Qf3 Qe7 18. Rf6 Rxg2+ 19. Kh1 R2g3 20.
Qf5+ Kb8 21. Nd5 Qe8 22. Rh6 Rxe3 23. Nf6 Nd4 24. Qf2 Rf3 25. Qxf3 Nxf3 26.
Nxe8 Rxe8 27. Rf1 Nd4 28. Rf2 Rf8 29. Rhf6 Kc8 30. Rxf7 Rxf7 31. Rxf7 Nxc2 32.
h4 Kd8 33. h5 Ke8 34. Rf2 Nd4 35. h6 Nxb3 36. h7 Nc5 37. h8=Q+ Kd7 38. Rf7+ Kc6
39. Qh2 Nxd3 40. Qc2+ Nc5 41. b4 b5 42. bxc5 dxc5 43. Rf6+ Kb7 44. Qxc5 Kb8 45.
Rf7 b4 46. Qxc7+ Ka8 47. Qb7# 1-0

[Event "ODJM C 2019"]
[Site "Willingen GER"]
[Date "2019.06.15"]
[Round "9"]
[White "Keuper, David"]
[Black "Hapke, Lara"]
[Result "1/2-1/2"]
[Termination "normal"]
[Board "16"]
[WhiteElo "1075"]
[BlackElo "1358"]
[PlyCount "75"]
[WhiteFideId "16287568"]
[BlackFideId "12996572"]
[EventCountry "GER"]
[EventRounds "9"]
[EventType "swiss"]
[EventDate "2019.06.08"]

1. e4 c5 2. Nc3 Nc6 3. f4 d6 4. Nf3 e6 5. Bc4 g6 6. d3 Bg7 7. O-O Nf6 8. e5
dxe5 9. fxe5 Ng4 10. Re1 Ngxe5 11. Nxe5 Nxe5 12. Bf4 Nxc4 13. dxc4 Qxd1 14.
Rexd1 O-O 15. Rd3 b6 16. Rad1 Bb7 17. Rd7 Bd4+ 18. Kh1 Bc6 19. Rc7 Rfc8 20. Rd3
Rxc7 21. Bxc7 Rc8 22. Bf4 e5 23. Bh6 e4 24. Rd1 a6 25. Re1 Re8 26. h3 e3 27.
Kh2 e2 28. Kg3 f6 29. h4 b5 30. cxb5 axb5 31. Bc1 Be3 32. Bxe3 Rxe3+ 33. Kf2
Re5 34. Rxe2 Rxe2+ 35. Nxe2 Kf7 36. g3 Ke6 37. Ke3 Ke5 38. c3 1/2-1/2

[Event "ODJM C 2019"]
[Site "Willingen GER"]
[Date "2019.06.15"]
[Round "9"]
[White "Bangiev, Anton"]
[Black "Fahlbusch, Niclas"]
[Result "1-0"]
[Termination "normal"]
[Board "17"]
[WhiteElo "1342"]
[BlackElo "1057"]
[PlyCount "81"]
[WhiteFideId "16267222"]
[BlackFideId "16271548"]
[EventCountry "GER"]
[EventRounds "9"]
[EventType "swiss"]
[EventDate "2019.06.08"]

1. e4 d5 2. exd5 Qxd5 3. Nc3 Qa5 4. Nf3 Nf6 5. g3 Bg4 6. Bg2 Nc6 7. d3 O-O-O 8.
O-O e5 9. h3 Bh5 10. Re1 Bb4 11. Bd2 Bxc3 12. Bxc3 Qd5 13. Nxe5 Bxd1 14. Bxd5
Nxe5 15. Bxe5 Nxd5 16. Raxd1 f6 17. Bd4 Nb4 18. c3 Nc2 19. Re4 f5 20. Rf4 Nxd4
21. Rxd4 Rhe8 22. Rxd8+ Kxd8 23. Kf1 Kd7 24. Re1 Rd8 25. Re5 g6 26. Rd5+ Ke7
27. Rxd8 Kxd8 28. Ke2 Kd7 29. Ke3 Ke6 30. Kf4 Kf6 31. h4 h6 32. d4 g5+ 33.
hxg5+ hxg5+ 34. Kf3 g4+ 35. Kf4 c6 36. c4 Ke6 37. d5+ cxd5 38. cxd5+ Kxd5 39.
Kxf5 Kd4 40. Kxg4 Kd3 41. f4 1-0

[Event "ODJM C 2019"]
[Site "Willingen GER"]
[Date "2019.06.15"]
[Round "9"]
[White "Frank, Cillian"]
[Black "Wartenberg, Alexander"]
[Result "0-1"]
[Termination "normal"]
[Board "18"]
[WhiteElo "1309"]
[BlackElo "1002"]
[PlyCount "66"]
[WhiteFideId "16245202"]
[BlackFideId "16280768"]
[EventCountry "GER"]
[EventRounds "9"]
[EventType "swiss"]
[EventDate "2019.06.08"]

1. e4 e5 2. f4 Bc5 3. Nf3 d6 4. Nc3 Nc6 5. Bb5 Bg4 6. d3 Nge7 7. h3 Bxf3 8.
Qxf3 O-O 9. Qg3 Re8 10. fxe5 dxe5 11. Bxc6 Nxc6 12. Bh6 Bf8 13. Nd5 Re6 14. Bg5
Rg6 15. Bxd8 Rxg3 16. Bxc7 Rxg2 17. O-O-O f6 18. Rdg1 Rxg1+ 19. Rxg1 Nb4 20.
Nxf6+ Kh8 21. Nd7 Rc8 22. Nxf8 Rxc7 23. c3 Nxd3+ 24. Kc2 Nf4 25. Rd1 Rc8 26.
Nd7 Nxh3 27. Nxe5 h6 28. Rd8+ Rxd8 29. Nf7+ Kh7 30. Nxd8 g5 31. e5 Kg7 32. e6
Kf8 33. Nxb7 g4 0-1

[Event "ODJM C 2019"]
[Site "Willingen GER"]
[Date "2019.06.15"]
[Round "9"]
[White "Jagodzinsky, Lukas"]
[Black "Grunert, Heinrich"]
[Result "0-1"]
[Termination "normal"]
[Board "19"]
[WhiteElo "1026"]
[BlackElo "1211"]
[PlyCount "100"]
[WhiteFideId "16233255"]
[BlackFideId "16213416"]
[EventCountry "GER"]
[EventRounds "9"]
[EventType "swiss"]
[EventDate "2019.06.08"]

1. e4 e5 2. Nf3 Nc6 3. Bc4 Bc5 4. O-O d6 5. Nc3 Nf6 6. d3 Be6 7. Bxe6 fxe6 8.
Bg5 O-O 9. Qd2 h6 10. Bh4 Qe8 11. Nb5 Qf7 12. Bxf6 a6 13. Nxc7 Qxc7 14. Bh4 Qf7
15. c3 Qg6 16. Kh1 Rf4 17. Bg3 Rf6 18. d4 exd4 19. cxd4 Nxd4 20. Nxd4 Raf8 21.
Rad1 Qxe4 22. Rde1 Qxd4 23. Qxd4 Bxd4 24. Re2 e5 25. b3 d5 26. f3 e4 27. f4 g5
28. Rd2 Be5 29. Rxd5 Bxf4 30. Bxf4 Rxf4 31. Rxf4 Rxf4 32. Kg1 Kf7 33. Rd7+ Ke6
34. Rxb7 e3 35. Rb6+ Kd7 36. Rb7+ Kd6 37. Rb6+ Kd5 38. Rb8 Kd4 39. Rd8+ Kc3 40.
Re8 Kd2 41. Rd8+ Ke2 42. h3 Rf1+ 43. Kh2 Ke1 44. Rd6 e2 45. Kg3 h5 46. h4 gxh4+
47. Kxh4 Rf2 48. Rc6 Rxg2 49. Kxh5 Rf2 50. Re6 Kf1 0-1

[Event "ODJM C 2019"]
[Site "Willingen GER"]
[Date "2019.06.15"]
[Round "9"]
[White "Schilay, Vinzenz"]
[Black "Borriss, Emma"]
[Result "1-0"]
[Termination "normal"]
[Board "20"]
[WhiteElo "1111"]
[BlackElo "1052"]
[PlyCount "51"]
[WhiteFideId "12983209"]
[BlackFideId "16287517"]
[EventCountry "GER"]
[EventRounds "9"]
[EventType "swiss"]
[EventDate "2019.06.08"]

1. e4 e5 2. Nf3 Nc6 3. Nc3 Nf6 4. Be2 Bb4 5. d3 d5 6. exd5 Nxd5 7. Bd2 Nxc3 8.
Bxc3 Bxc3+ 9. bxc3 Be6 10. O-O Qd6 11. Qd2 O-O-O 12. Rfd1 h6 13. a4 b6 14. c4
g6 15. Rdb1 f5 16. Rb5 a6 17. c5 bxc5 18. Rb2 Nd4 19. Nxd4 Qxd4 20. Rab1 h5 21.
Qa5 Qd6 22. Rb7 Bd5 23. Ra7 Rd7 24. Rxa6 Rdd8 25. Rxd6 cxd6 26. c4 1-0

[Event "ODJM C 2019"]
[Site "Willingen GER"]
[Date "2019.06.15"]
[Round "9"]
[White "Laux, Filip"]
[Black "Fröhlich, Niklas"]
[Result "0-1"]
[Termination "normal"]
[Board "21"]
[WhiteElo "1155"]
[BlackElo "1261"]
[PlyCount "80"]
[WhiteFideId "16275730"]
[BlackFideId "16245016"]
[EventCountry "GER"]
[EventRounds "9"]
[EventType "swiss"]
[EventDate "2019.06.08"]

1. e4 c5 2. Nf3 d6 3. g3 Nf6 4. d3 e6 5. Bg2 Qb6 6. O-O Be7 7. b3 Bd7 8. Be3
Nc6 9. Nbd2 Ng4 10. Re1 h5 11. h3 Nxe3 12. Rxe3 Bf6 13. Nc4 Qc7 14. Rb1 g5 15.
Nh2 h4 16. Ng4 Bg7 17. Qf3 Nd4 18. Qd1 O-O-O 19. c3 Nb5 20. Rc1 f5 21. Nh2 g4
22. hxg4 Bh6 23. a4 Bxe3 24. Nxe3 hxg3 25. fxg3 d5 26. axb5 Qxg3 27. Nef1 Qh4
28. exd5 Qg5 29. b4 exd5 30. Bxd5 fxg4 31. Bg2 Rdf8 32. Qa4 Qxc1 33. Qxa7 Rxf1+
34. Bxf1 Qe3+ 35. Kh1 Qf3+ 36. Kg1 Qg3+ 37. Bg2 Qxh2+ 38. Kf1 Qf4+ 39. Kg1 Qe3+
40. Kf1 Rf8+ 0-1

[Event "ODJM C 2019"]
[Site "Willingen GER"]
[Date "2019.06.15"]
[Round "9"]
[White "Hornstein, Leonhard Orell"]
[Black "Moldovan, Tudor"]
[Result "1-0"]
[Termination "normal"]
[Board "22"]
[WhiteElo "1346"]
[BlackElo "1030"]
[PlyCount "133"]
[WhiteFideId "16254643"]
[BlackFideId "16288203"]
[EventCountry "GER"]
[EventRounds "9"]
[EventType "swiss"]
[EventDate "2019.06.08"]

1. d4 Nf6 2. Nc3 d5 3. Bf4 c6 4. e3 g6 5. Bd3 Bg7 6. Qd2 Be6 7. Nf3 Nbd7 8. Ne5
Nxe5 9. Bxe5 Nh5 10. Bxg7 Nxg7 11. O-O-O a5 12. Na4 b5 13. Nc5 b4 14. Kb1 O-O
15. Qe2 a4 16. h4 a3 17. b3 Bd7 18. h5 Bf5 19. Bxf5 Nxf5 20. hxg6 hxg6 21. Qg4
Kg7 22. Rh2 Rh8 23. Rxh8 Qxh8 24. Qg5 Qh5 25. Qxh5 gxh5 26. Rh1 Kh6 27. Kc1 Rg8
28. g3 Nd6 29. Nd3 Rb8 30. g4 Ne4 31. Rxh5+ Kg7 32. Kb1 Nc3+ 33. Ka1 e6 34. Rh2
Rh8 35. Rxh8 Kxh8 36. Ne5 Kg7 37. Nxc6 Kg6 38. Nxb4 Kf6 39. Nd3 Ke7 40. Nc5 Kd6
41. Na4 Nxa4 42. bxa4 Kc6 43. c3 Kb6 44. Kb1 Ka5 45. Kc2 Kxa4 46. f3 f6 47. f4
Ka5 48. g5 e5 49. gxf6 exf4 50. f7 fxe3 51. f8=Q e2 52. Qe7 e1=Q 53. Qxe1 Kb5
54. Qb1+ Kc6 55. c4 dxc4 56. Qb4 Kd5 57. Qc5+ Ke4 58. Qxc4 Kf5 59. d5 Ke5 60.
d6 Kxd6 61. Kd3 Kd7 62. Qc5 Kd8 63. Qa7 Kc8 64. Kd4 Kd8 65. Kd5 Kc8 66. Kc6 Kd8
67. Qd7# 1-0

[Event "ODJM C 2019"]
[Site "Willingen GER"]
[Date "2019.06.15"]
[Round "9"]
[White "Hubert, Nikita"]
[Black "Schwarz, David"]
[Result "1/2-1/2"]
[Termination "normal"]
[Board "23"]
[WhiteElo "1181"]
[BlackElo "950"]
[PlyCount "50"]
[WhiteFideId "16235754"]
[BlackFideId "16287614"]
[EventCountry "GER"]
[EventRounds "9"]
[EventType "swiss"]
[EventDate "2019.06.08"]

1. d4 d5 2. Bf4 e6 3. Nf3 Nf6 4. e3 Bd6 5. Bg3 O-O 6. Bd3 b6 7. Nbd2 Bb7 8. c3
Ne4 9. O-O Nd7 10. Qc2 Ndf6 11. Bh4 h6 12. Ne5 Be7 13. Rac1 Nxd2 14. Qxd2 Ne4
15. Bxe4 dxe4 16. Bg3 f6 17. Nc4 Ba6 18. b3 b5 19. Nb2 Bd6 20. Qc2 f5 21. c4 b4
22. Rfd1 g5 23. Bxd6 cxd6 24. Qd2 d5 25. Qxb4 Rf7 1/2-1/2

[Event "ODJM C 2019"]
[Site "Willingen GER"]
[Date "2019.06.15"]
[Round "9"]
[White "Bartelheimer, Erik"]
[Black "Weidenhöfer, Ben"]
[Result "1-0"]
[Termination "normal"]
[Board "24"]
[WhiteElo "1053"]
[BlackElo "821"]
[PlyCount "107"]
[WhiteFideId "16279352"]
[BlackFideId "16273702"]
[EventCountry "GER"]
[EventRounds "9"]
[EventType "swiss"]
[EventDate "2019.06.08"]

1. e4 e5 2. Nf3 Nc6 3. Bc4 Bc5 4. Nc3 Nf6 5. d3 d6 6. h3 h6 7. O-O O-O 8. Be3
Bb6 9. Qd2 Be6 10. Nd5 Nd4 11. Nxd4 Bxd4 12. c3 Bc5 13. Kh2 c6 14. Nb4 Nd7 15.
Nc2 Qh4 16. Ne1 Qf6 17. g4 Bxe3 18. Qxe3 Bxc4 19. dxc4 Rfe8 20. Qf3 Qxf3 21.
Nxf3 Re6 22. Rad1 Rf6 23. Rd3 Nc5 24. Re3 Nxe4 25. Rxe4 Rxf3 26. Re3 Rf4 27. b3
d5 28. cxd5 cxd5 29. Rxe5 Rd8 30. Kg3 Rf6 31. Rd1 Rfd6 32. Re7 Rb8 33. c4 Kf8
34. Rc7 Rbd8 35. Rxd5 Rxd5 36. cxd5 Rxd5 37. Rxb7 a5 38. a4 Rd3+ 39. Kg2 Kg8
40. b4 Rd5 41. Rb5 Rxb5 42. axb5 a4 43. b6 a3 44. b7 a2 45. b8=Q+ Kh7 46. Qe5
f6 47. Qa1 Kh8 48. Qxa2 Kh7 49. b5 Kh8 50. b6 Kh7 51. b7 Kh8 52. b8=Q+ Kh7 53.
Qc2+ g6 54. Qcc7# 1-0

[Event "ODJM C 2019"]
[Site "Willingen GER"]
[Date "2019.06.15"]
[Round "9"]
[White "Ott, Linda"]
[Black "Weiss, Adrian"]
[Result "1-0"]
[Termination "normal"]
[Board "25"]
[WhiteElo "1122"]
[BlackElo "774"]
[PlyCount "61"]
[WhiteFideId "12992453"]
[BlackFideId "16286022"]
[EventCountry "GER"]
[EventRounds "9"]
[EventType "swiss"]
[EventDate "2019.06.08"]

1. e4 d5 2. exd5 Qxd5 3. Nc3 Qa5 4. Bc4 Nc6 5. Nf3 Bg4 6. O-O Qh5 7. Bd5 Nd4 8.
Bxb7 c6 9. Bxa8 Bxf3 10. Bxc6+ Nxc6 11. Qxf3 Qxf3 12. gxf3 Nd4 13. Kg2 Nxc2 14.
Rb1 Nd4 15. d3 e6 16. Bg5 h6 17. Bf4 Nf6 18. Rbc1 Be7 19. Ne4 O-O 20. Rc7 Bd8
21. Nxf6+ Bxf6 22. Re1 Rd8 23. Be5 Bxe5 24. Rxe5 f6 25. Ra5 e5 26. Ra4 g5 27.
Rcxa7 Nb5 28. Ra8 Rxa8 29. Rxa8+ Kg7 30. a4 Nc7 31. Ra7 1-0

[Event "ODJM C 2019"]
[Site "Willingen GER"]
[Date "2019.06.15"]
[Round "9"]
[White "Prinzen, Per Henrik"]
[Black "Laag, Elena"]
[Result "1-0"]
[Termination "normal"]
[Board "26"]
[WhiteElo "833"]
[BlackElo "841"]
[PlyCount "73"]
[WhiteFideId "16287592"]
[BlackFideId "16287576"]
[EventCountry "GER"]
[EventRounds "9"]
[EventType "swiss"]
[EventDate "2019.06.08"]

1. e4 e6 2. d4 d5 3. exd5 exd5 4. c4 Bf5 5. Nc3 c6 6. Nf3 Bd6 7. c5 Bc7 8. Bg5
f6 9. Bh4 Qe7+ 10. Qe2 Nd7 11. g3 O-O-O 12. g4 Bxg4 13. Bg2 Qxe2+ 14. Nxe2 Re8
15. Bg3 Ba5+ 16. Kf1 Nh6 17. Rb1 b5 18. b4 Bd8 19. h3 Bxf3 20. Bxf3 a5 21. bxa5
Bxa5 22. Rb3 Kb7 23. a4 Ka6 24. axb5+ cxb5 25. Bxd5 Nf5 26. Bc6 Nxg3+ 27. fxg3
Re7 28. Bxb5+ Ka7 29. Ra3 Kb8 30. Rxa5 Nf8 31. d5 Ra7 32. Rxa7 Kxa7 33. c6 Kb6
34. Nd4 Ng6 35. Kf2 Rd8 36. Rb1 Rxd5 37. Bc4+ 1-0